000 00276nam a2200121Ia 4500
005 20251222175938.0
008 251222s9999||||xx |||||||||||||| ||spa||
082 _aREF.985/P34/T.II/Ej.2
100 _aPease, Franklin
245 0 _aPerĂº:
264 _bEDUBANCO
942 _cLIB
999 _c41268
_d41268